00617nam a22001697a 450000500170000001000150001702000260003203500130005803700130007108200080008424501550009226000560024727000680030330000250037150000190039670000320041520160720110459.0 aENG-115447 a9789385493362c299.00 aEN-98979 bDBAD/PUB a909 aRathore world history for UGC/NET/JRF/SLET/SRF also useful for : IAS/PCS and other competitive examinations /ceditied by kunwar Ishwar Singh Rathore aNew DelhiibRathore Publishers & Disrtibutorsc2016 a202, 2nd Floor 4832/24 Ansari Road,DaryaganjbNew Delhie110002 avii,304p.c21cm(pbk) aIncludes index dRathore,Kunwar Ishwar Singh